1744 1066 1048 1301 1587 1522 1115 1283 1709 1903 1253 1985 1343 1366 1852 1015 1364 1802 1264 1108 1258 1676 1095 1810 1782 1811 1337 1877 1618 1233 1273 1064 1331 1050 1969 1446 1789 1599 1080 1689 1121 1898 1294 1137 1017 1381 1621 1929 1311 1548 1137 1505 1116 1811 1513 1059 2000 1092 1732 1205 1602 1039 1032 1175 1947 1622 1717 1010 1231 1029 1321 1378 1046 1614 1702 1527 1406 1526 1534 1781 1424 1565 1530 1974 1397 1505 1093 1038 1355 1918 1471 1359 1010 1315 1586 1024 1498 1150 1165 BCNSPRNW ULIB Ver.6.0+V

เปลี่ยนเป็นภาษาไทย

Change to English
 แสดงรายละเอียดบรรณานุกรม
  กลับหน้าหลัก

Brief Record : Get Marc (ISO 2709) : E-mail record : QR code < ปิดหน้าต่าง
LEADER : 00000nam 2200000uu 4500
001    13399123430
003     ULIB
008    120809s2556||||th 000 0 tha d
020    ^a9789740329084
060  4 ^aWY157^bส838ก
100 0  สุภาพ ไทยแท้.
245 00 ^aการพยาบาลสูติศาสตร์ : ภาวะผิดปกติในระยะคลอด /^cสุภาพ ไทยแท้.
250    ^aพิมพ์ครั้งที่ 3
260    ^aกรุงเทพฯ :^bจุฬาลงกรณ์มหาวิทยาลัย,^c2556
300    ^a260 หน้า :^bภาพประกอบ
650  7 ^aครรภ์^xการพยาบาล
650  7 ^aการคลอด
650  7 ^aสูติศาสตร์
650  7 ^aการพยาบาลสูติศาสตร์
945    ^p320^l0^i20580
945    ^p320^l0^i20581
945    ^p320^l0^i20582
945    ^p320^l0^i20583
945    ^p320^l0^i20584
945    ^p320^l0^i20585
945    ^p320^l0^i20586
945    ^p320^l0^i20587
945    ^p320^l0^i20588
945    ^p320^l0^i20589
995    ^aทศพร
999 ^a ใช้งานได้ทุกระบบ
รายการนี้ยังไม่มีแท็ก
คุณยังไม่ได้ล็อกอิน คุณสามารถมีกิจกรรมร่วมกับเว็บไซต์ได้ แต่ต้องล็อกอินก่อน ::
  ล็อกอิน

รายการสื่อสารสนเทศ

ลำดับที่ ประเภท เลขเรียก/บาร์โค้ด สถานที่ สถานะ
1. Book การพยาบาล
หนังสือสำรอง
สถานะ=หนังสือสำรอง
WY157 ส838ก ฉ.1 
  Barcode: 20580
ห้องสมุดวิทยาเขตนครสวรรค์
►หนังสือทั่วไป:l:General Books
บนชั้น
2. Book การพยาบาล
Book การพยาบาล
สถานะ=หนังสือเก่า
WY157 ส838ก ฉ.10 
  Barcode: 20589
ห้องสมุดวิทยาเขตนครสวรรค์
►ส่วนจัดเก็บหนังสือเก่า นว.
บนชั้น
  ขอยืม
3. Book การพยาบาล
Book การพยาบาล
สถานะ=หนังสือเก่า
WY157 ส838ก ฉ.2 
  Barcode: 20581
ห้องสมุดวิทยาเขตนครสวรรค์
►ส่วนจัดเก็บหนังสือเก่า นว.
บนชั้น
  ขอยืม
4. Book การพยาบาล
Book การพยาบาล
สถานะ=หนังสือเก่า
WY157 ส838ก ฉ.3 
  Barcode: 20582
ห้องสมุดวิทยาเขตนครสวรรค์
►ส่วนจัดเก็บหนังสือเก่า นว.
บนชั้น
  ขอยืม
5. Book การพยาบาล
Book การพยาบาล
สถานะ=หนังสือเก่า
WY157 ส838ก ฉ.4 
  Barcode: 20583
ห้องสมุดวิทยาเขตนครสวรรค์
►ส่วนจัดเก็บหนังสือเก่า นว.
บนชั้น
  ขอยืม
6. Book การพยาบาล
Book การพยาบาล
สถานะ=หนังสือเก่า
WY157 ส838ก ฉ.5 
  Barcode: 20584
ห้องสมุดวิทยาเขตนครสวรรค์
►ส่วนจัดเก็บหนังสือเก่า นว.
บนชั้น
  ขอยืม
7. Book การพยาบาล
Book การพยาบาล
สถานะ=หนังสือเก่า
WY157 ส838ก ฉ.6 
  Barcode: 20585
ห้องสมุดวิทยาเขตนครสวรรค์
►ส่วนจัดเก็บหนังสือเก่า นว.
บนชั้น
  ขอยืม
8. Book การพยาบาล
Book การพยาบาล
สถานะ=หนังสือเก่า
WY157 ส838ก ฉ.7 
  Barcode: 20586
ห้องสมุดวิทยาเขตนครสวรรค์
►ส่วนจัดเก็บหนังสือเก่า นว.
บนชั้น
  ขอยืม
9. Book การพยาบาล
Book การพยาบาล
สถานะ=หนังสือเก่า
WY157 ส838ก ฉ.8 
  Barcode: 20587
ห้องสมุดวิทยาเขตนครสวรรค์
►ส่วนจัดเก็บหนังสือเก่า นว.
บนชั้น
  ขอยืม
10. Book การพยาบาล
Book การพยาบาล
สถานะ=หนังสือเก่า
WY157 ส838ก ฉ.9 
  Barcode: 20588
ห้องสมุดวิทยาเขตนครสวรรค์
►ส่วนจัดเก็บหนังสือเก่า นว.
บนชั้น
  ขอยืม

รายการใกล้เคียง
    ผู้แต่ง [สุภาพ ไทยแท้.]

    หัวเรื่อง [ครรภ์ การพยาบาล]
    หัวเรื่อง [การคลอด]
    หัวเรื่อง [สูติศาสตร์]
    หัวเรื่อง [การพยาบาลสูติศาสตร์]

BibComment


ยังไม่เคยถูกคอมเมนท์

คอมเมนท์ทรัพยากรรายการนี้
  คอมเมนท์: การพยาบาลสูติศาส..


 Copyright 2026. Bcnsprnw @Library